Statistics for The Two Main Cities Quiz

Click here to take the quiz!

General Stats

  • This quiz has been taken 31 times
  • The average score is 18 of 20

Answer Stats

CountryThe main cities% Correct
SpainMadrid
100%
RussiaMoscow
100%
SpainBarcelona
97%
ChinaBeijing
97%
EgyptCairo
97%
RussiaSt. Petersburg
97%
TurkeyAnkara
93%
TurkeyIstanbul
93%
ChinaShanghai
93%
VietnamHanoi
90%
NigeriaLagos
90%
MoroccoRabat
90%
EgyptAlexandria
87%
KazakhstanAstana
87%
MoroccoCasablanca
87%
VietnamHo Chi Minh City
87%
NigeriaAbuja
83%
EcaudorQuito
83%
KazakhstanAlmaty
63%
EcaudorGuayaquil
53%

Score Distribution

Percentile by Number Answered

Percent of People with Each Score

Your Score History

You have not taken this quiz